Ładuje się......

Oru shikkariyude smaranakal /

Opis bibliograficzny
1. autor: Ittan, T. M.
Format: Printed Book
Język:Malayalam
Wydane: Sahitya Pravarthaka Sahakarana Sangam , 1971.
LEADER 00497nam a2200145Ia 4500
008 150624b xxu||||| |||| 00| | mal d
082 |a 799.29092 
100 |a Ittan, T. M. 
245 |c T. M. Ittan  |a Oru shikkariyude smaranakal / 
260 |b Sahitya Pravarthaka Sahakarana Sangam ,  |c 1971. 
300 |a 183 p. 
546 |a In Malayalam. 
942 |c BK 
999 |c 72570  |d 72570 
952 |0 1  |1 0  |4 0  |6 799_290920000000000_ITT_O  |7 0  |9 72516  |a UL  |b UL  |c ST2  |d 1998-08-28  |l 0  |o 799.29092 ITT/O  |p 6693  |r 2012-10-27  |w 2012-10-27  |y BK